Čakanie na nový nádych. Seriál o pobaltských republikách: Lotyšsko. 3.
História Lotyšska do obnovenia nezávislosti v máji 1990, potvrdenej referendom 3.3.1991. Národnosti. V júni 1993 parlamentné voľby, zatiaľ dočasná vláda. Memorandum hospodárskej politiky (pripravené pre MMF) nahrádza vládny hospodársky program. Lotyšský rubeľ a jeho vzťah k ruskému, budúca mena - la...
Uložené v:
| Hlavný autor: | |
|---|---|
| Médium: | Kapitola |
| Jazyk: | Slovak |
| Predmet: | |
| Tagy: |
Žiadne tagy, Buďte prvý, kto otaguje tento záznam!
|
MARC
| LEADER | 00000naa a2200000 4500 | ||
|---|---|---|---|
| 001 | r012310 | ||
| 005 | 20220826094922.5 | ||
| 041 | 0 | |a slo | |
| 044 | |a SK | ||
| 245 | 1 | 0 | |a Čakanie na nový nádych. |b Seriál o pobaltských republikách: Lotyšsko. 3. |c I. Mosznyáková |
| 520 | |a História Lotyšska do obnovenia nezávislosti v máji 1990, potvrdenej referendom 3.3.1991. Národnosti. V júni 1993 parlamentné voľby, zatiaľ dočasná vláda. Memorandum hospodárskej politiky (pripravené pre MMF) nahrádza vládny hospodársky program. Lotyšský rubeľ a jeho vzťah k ruskému, budúca mena - lat. Bankovníctvo, privatizácia, inflácia, skrytá nezamestnanosť. | ||
| 610 | 2 | 0 | |a situácia hospodárska |
| 610 | 2 | 0 | |a politika |
| 610 | 2 | 0 | |a politika hospodárska |
| 610 | 2 | 0 | |a Lotyšsko |
| 100 | 1 | |a Mosznyáková, I. | |